Η ιατροδικαστική διερεύνηση της ανθρωποκτονίας εκ προθέσεως : αναπαραστάσεις φορέων επίσημου κοινωνικού ελέγχου
Αποθηκεύτηκε σε:
| Κύριος συγγραφέας: | |
|---|---|
| Συγγραφή απο Οργανισμό/Αρχή: | |
| Άλλοι συγγραφείς: | |
| Μορφή: | Thesis Βιβλίο |
| Γλώσσα: | Greek |
| Δημοσίευση: |
2011
|
| Θέματα: | |
| Διαθέσιμο Online: | http://hdl.handle.net/11610/11917 |
| Ετικέτες: |
Προσθήκη ετικέτας
Δεν υπάρχουν, Καταχωρήστε ετικέτα πρώτοι!
|
MARC
| LEADER | 00000cam a2200000 i 4500 | ||
|---|---|---|---|
| 001 | 1/15561 | ||
| 008 | 111010s2010 gre d | ||
| 035 | |l 10111030 | ||
| 040 | |a GR-MY-UA |b gre |e aacr | ||
| 041 | 0 | |a gre | |
| 082 | 0 | |a 364 |2 (22) | |
| 100 | 1 | |a Κουρούτζας, Χρήστος. | |
| 245 | 1 | 2 | |a Η ιατροδικαστική διερεύνηση της ανθρωποκτονίας εκ προθέσεως : |b αναπαραστάσεις φορέων επίσημου κοινωνικού ελέγχου / |c Χρήστος Κουρούτζας ; επιβλέπων καθηγητής: Στράτος Γεωργούλας |
| 260 | |c 2011 | ||
| 300 | |a 429 σ.; |c 30 εκ. | ||
| 500 | |a Βιβλιογραφία: σ. 196-198 | ||
| 502 | |a Διατριβή (μεταπτυχιακή) – Πανεπιστήμιο Αιγαίου, Λέσβος, 2011. | ||
| 650 | 0 | 0 | |a Criminal investigation. |
| 650 | 0 | 0 | |a Criminal law. |
| 650 | 0 | 0 | |a Criminology |x Research. |
| 650 | 0 | 0 | |a Criminology |z Greece. |
| 650 | 0 | 0 | |a Dissertations, Academic |z Greece. |
| 700 | 1 | |4 ths |a Γεωργούλας, Στράτος. | |
| 710 | 2 | |a Πανεπιστήμιο Αιγαίου |b Σχολή Κοινωνικών Επιστημών |b Τμήμα Κοινωνιολογίας |b Μεταπτυχιακό Πρόγραμμα Σπουδών Έρευνα για την Τοπική Κοινωνική Ανάπτυξη και Συνοχή. | |
| 852 | |a INST |b LESVOS |c DIATR |e 20111010 |h 123 |p 005100051414 |q 005100051414 |t MTXE |y 23 | ||
| 852 | |a INST |b LESVOS |c DIATR |e 20111010 |h 124 |p 005100051413 |q 005100051413 |t MTXE |y 23 | ||
| 856 | |u http://hdl.handle.net/11610/11917 | ||
| 901 | |a BIBL1-2011-3 | ||
| 909 | |a Λ |b 172749 | ||
| 909 | |a Λ |b 172750 | ||
| 924 | |a ΚΟΥΡΟΥΤΖΑΣ |b ΧΡΗΣΤΟΣ |y ΛΕΣΒΟΣ |z 2010-10 | ||
| 970 | |a ΤΖΑΦΕΡΗ |b ΕΥΑΓΓΕΛΙΑ |z 2011/10/10 | ||